000 00661cam a22002173a 4500
001 33890
003 PGUSA
005 20140828083731.0
008 101029s2010||||xxu|||||s|||||000 | eng d
040 _aPGUSA
_beng
042 _adc
100 1 _aOtis, James,
_d1848-1912
245 1 0 _aOn the Kentucky Frontier :
_bA Story of the Fighting Pioneers of the West
_h[electronic resource] /
_cJames Otis
260 _bProject Gutenberg,
_c2010
506 _aPublic domain in the USA.
516 _aElectronic text
700 1 _aDavis, J. Watson,
_d1870-1959
830 0 _aProject Gutenberg
_v33890
856 4 0 _uhttp://www.gutenberg.org/ebooks/33890
942 _cEB
999 _c263145
_d263145